| Tag |
First Indicator |
Second Indicator |
Subfields |
| LEADER |
00000cam a2200000 i 4500 |
| 001 |
in00005742421 |
| 005 |
20260326174524.7 |
| 006 |
m o d |
| 007 |
cr bn||||||ada |
| 008 |
100429s1981 nyuc ob 011 0 eng d |
| 010 |
|
|
|z 80026103
|
| 040 |
|
|
|a OCLCE
|b eng
|e pn
|c OCLCE
|d OCLCQ
|d OCLCO
|d OCLCQ
|d OCLCF
|d OPELS
|d IDEBK
|d OCLCQ
|d LUN
|d OCLCQ
|d OCLCO
|d INARC
|d S2H
|d OCLCO
|d COM
|d OCLCO
|d OCL
|d OCLCQ
|d OCLCO
|d OCLCL
|d OCLCA
|d OCLCL
|d OCLCQ
|
| 019 |
|
|
|a 655701098
|a 1285465011
|
| 020 |
|
|
|a 9780122744600
|q (electronic bk.)
|
| 020 |
|
|
|a 0122744608
|q (electronic bk.)
|
| 035 |
|
|
|a (OCoLC)610185284
|z (OCoLC)655701098
|z (OCoLC)1285465011
|
| 042 |
|
|
|a dlr
|
| 050 |
|
4 |
|a QA273.18
|b .C68
|
| 082 |
0 |
4 |
|a 519.2
|2 19
|
| 084 |
|
|
|a 31.70
|2 bcl
|
| 049 |
|
|
|a TXAM
|
| 245 |
0 |
0 |
|a Contributions to probability :
|b a collection of papers dedicated to Eugene Lukacs /
|c edited by J. Gani, V.K. Rohatgi.
|
| 260 |
|
|
|a New York :
|b Academic Press,
|c 1981.
|
| 300 |
|
|
|a 1 online resource (xxi, 311 pages) :
|b portrait
|
| 336 |
|
|
|a text
|b txt
|2 rdacontent
|
| 337 |
|
|
|a computer
|b c
|2 rdamedia
|
| 338 |
|
|
|a online resource
|b cr
|2 rdacarrier
|
| 504 |
|
|
|a "Eugene Lukas: bibliography": pages 307-311
|
| 504 |
|
|
|a Includes bibliographical references.
|
| 538 |
|
|
|a Master and use copy. Digital master created according to Benchmark for Faithful Digital Reproductions of Monographs and Serials, Version 1. Digital Library Federation, December 2002.
|u http://purl.oclc.org/DLF/benchrepro0212
|5 MiAaHDL
|
| 583 |
1 |
|
|a digitized
|c 2010
|h HathiTrust Digital Library
|l committed to preserve
|2 pda
|5 MiAaHDL
|
| 588 |
0 |
|
|a Print version record.
|
| 600 |
1 |
0 |
|a Lukacs, Eugene.
|
| 600 |
1 |
6 |
|a Lukács, Eugene,
|d 1906-
|
| 600 |
1 |
7 |
|a Lukacs, Eugene
|2 fast
|1 https://id.oclc.org/worldcat/entity/E39PBJjddBw7f43CrYFJMbBpT3
|
| 650 |
|
0 |
|a Probabilities.
|
| 650 |
|
2 |
|a Probability
|
| 650 |
|
6 |
|a Probabilités.
|
| 650 |
|
7 |
|a probability.
|2 aat
|
| 650 |
|
7 |
|a Probabilities
|2 fast
|
| 650 |
|
7 |
|a Wahrscheinlichkeitsrechnung
|2 gnd
|
| 650 |
1 |
7 |
|a Waarschijnlijkheidstheorie.
|2 gtt
|
| 653 |
|
|
|a Probabilities - Festschriften
|
| 655 |
|
7 |
|a Electronic books.
|2 local
|
| 655 |
|
7 |
|a Festschriften
|2 fast
|
| 655 |
|
7 |
|a Festschriften.
|2 lcgft
|
| 700 |
1 |
|
|a Lukacs, Eugene.
|
| 700 |
1 |
|
|a Gani, J. M.
|q (Joseph Mark)
|
| 700 |
1 |
|
|a Rohatgi, V. K.,
|d 1939-
|
| 710 |
2 |
|
|a ScienceDirect (Online service)
|
| 758 |
|
|
|i has work:
|a Contributions to probability (Text)
|1 https://id.oclc.org/worldcat/entity/E39PCGGMMMjmFpMbpfhPJKgmgq
|4 https://id.oclc.org/worldcat/ontology/hasWork
|
| 776 |
0 |
8 |
|i Print version:
|t Contributions to probability.
|d New York : Academic Press, 1981
|w (DLC) 80026103
|w (OCoLC)6916617
|
| 856 |
4 |
0 |
|u http://proxy.library.tamu.edu/login?url=https://www.sciencedirect.com/science/book/9780122744600
|z Connect to the full text of this electronic book
|t 0
|
| 955 |
|
|
|a Elsevier ScienceDirect 2026-2027
|
| 994 |
|
|
|a 92
|b TXA
|
| 999 |
f |
f |
|i 2ba7bfbd-76b6-4460-9cce-f969185d4a3c
|s 65da1bd7-e4ca-44f5-b78b-91b0453b948f
|t 0
|
| 952 |
f |
f |
|a Texas A&M University
|b College Station
|c Electronic Resources
|s www_evans
|d Available Online
|t 0
|e QA273.18 .C68
|h Library of Congress classification
|
| 998 |
f |
f |
|a QA273.18 .C68
|t 0
|l Available Online
|